| 000 | 00812nam a2200289 a 4500 | ||
|---|---|---|---|
| 003 | AR-BaBNM | ||
| 005 | 20251128210544.0 | ||
| 008 | 082120s2002 ||||||||||||||000 | spa|| | ||
| 040 | _cAR-BaBNM | ||
| 100 | 1 | _aLiberal Villar, José R. | |
| 245 | 0 | 0 |
_aVida y obra de Ricardo Güiraldes _bensayo y antología |
| 250 | _a1ª ed. | ||
| 260 |
_aBuenos Aires _bEdiciones Corregidor _c1980 |
||
| 300 |
_a147 p. _bil. |
||
| 490 | 0 | _aColección Popular | |
| 500 | _aContiene referencias bibliográficas | ||
| 650 | 4 | _aLITERATURA ARGENTINA | |
| 650 | 4 | _aCRITICA LITERARIA | |
| 650 | 4 | _aCOSTUMBRES Y TRADICIONES | |
| 650 | 4 | _aANTOLOGIAS | |
| 653 | _aLITERATURA GAUCHESCA | ||
| 653 | _aVANGUARDIAS LITERARIAS | ||
| 655 | _aLITERATURA | ||
| 700 | 1 | _aGüiraldes, Ricardo | |
| 942 | _cBK | ||
| 998 | _cMARTIN | ||
| 999 |
_c15922 _d15922 |
||